[Event "FRA-chT3 01"]
[Site "France"]
[Date "2000.10.15"]
[Round "1"]
[White "Maupin, Jean Paul"]
[Black "Cheverry, Francois"]
[Result "0-1"]
[WhiteElo "2108"]
[BlackElo "2086"]
[PlyCount "126"]
[EventDate "2001.??.??"]
[EventType "team"]
[EventRounds "9"]
[EventCountry "FRA"]
[SourceTitle "EXT 2002"]
[Source "ChessBase"]
[SourceDate "2001.11.25"]
[SourceVersion "1"]
[SourceVersionDate "2001.11.25"]
[SourceQuality "1"]
[WhiteTeam "Agneaux Saint Lo"]
[BlackTeam "Yffiniac"]
[WhiteTeamCountry "FRA"]
[BlackTeamCountry "FRA"]

1. e4 c6 2. d4 d5 3. e5 c5 4. dxc5 Nc6 5. Bb5 e6 6. Be3 Nge7 7. Nf3 Nf5 8. Bd4 Nfxd4 9. Qxd4 Qa5+ 10. Nc3 Qxb5 11. Nxb5 Nxd4 12. Nfxd4 Bxc5 13. Nb3 Bb6 14. 0-0 a6 15. Nd6+ Ke7 16. c4 dxc4 17. Nxc4 Bc7 18. Rfd1 Bd7 19. Rac1 Rhd8 20. Nba5 b5 21. Nb7 bxc4 22. Nxd8 Rxd8 23. f4 Bb5 24. Rxd8 Bxd8 25. a4 Bb6+ 26. Kh1 Bxa4 27. Rxc4 Bb5 28. Rc8 Be3 29. Rc7+ Bd7 30. Rc4 Kd8 31. Re4 Bb6 32. h3 Bc6 33. Re2 Bd5 34. Kh2 Kd7 35. Kg3 Bc5 36. Rc2 Bb6 37. Kg4 Be3 38. h4 Bb6 39. h5 a5 40. g3 Bd4 41. h6 gxh6 42. Kh5 f6 43. exf6 Bxf6 44. Kxh6 Be4 45. Re2 Bf5 46. Rg2 Kd6 47. g4 Bg6 48. Rf2 Bd4 49. Re2 Kd5 50. Kg5 Bd3 51. Rh2 Be3 52. Rh3 Kd4 53. Kf6 Bxf4 54. Kxe6 a4 55. Rh5 h6 56. Ra5 Bc2 57. Kf6 Kc4 58. Ra7 Kb3 59. Rb7+ Ka2 60. Kg7 Bb3 61. Rb4 Bg5 62. Rxa4+ Bxa4 63. b4 Kb3 0-1